000 00699nam a2200265Ia 4500
005 20260302114521.0
008 008 260114s9999 xx 000 0 eng d
020 _a9781474244664
037 _aTextbook
040 _aCRL
040 _beng
040 _cCRL
041 _2eng
041 _aeng
084 _qCRL
100 _aGary Banham, Dennis Schulting and Nigel Hems
_91118991
245 4 _aThe Bloomsbury Companion to Kant
260 _bBloomsbury
260 _bBloomsbury Academic
260 _c2015
650 _aPhilosophy
856 _uhttps://doi.org/10.5040/9781474244664?locatt=label:secondary_bloomsburyCollections
942 _cEBOOK
999 _c1682839
_d1682839